Enseñanza de la química /
Guardado en:
| Autor Principal: | |
|---|---|
| Formato: | Libro |
| Publicado: |
Buenos Aires :
Kapelusz,
1952
|
| Materias: | |
| Etiquetas: |
Agregar Etiqueta
Sin Etiquetas, Sea el primero en etiquetar este registro!
|
| LEADER | 00757nam a22002175a 4500 | ||
|---|---|---|---|
| 001 | CEM.cems001907 | ||
| 005 | 20060215000000.0 | ||
| 008 | 130507s1952##################000#0#####d | ||
| 003 | CEMS | ||
| 082 | 0 | 4 | |a 540.7 |
| 100 | 1 | |a D'ovidio, Eutimio | |
| 245 | 1 | 0 | |a Enseñanza de la química / |
| 260 | |a Buenos Aires : |b Kapelusz, |c 1952 | ||
| 300 | |a 630 p. | ||
| 653 | |a Didactica de la quimica | ||
| 653 | |a Quimica | ||
| 859 | |a CEMS |b BIB. CEMS - 11 de abril |h 540.7 |i D751 |p 3759.75 |t Ej.1 | ||
| 859 | |a CEMS |b BIB. CEMS - 11 de abril |h 540.7 |i D751 |p 3760.75 |t Ej.2 | ||
| 859 | |a CEMS |b BIB. CEMS - 11 de abril |h 540.7 |i D751 |p 3761.75 |t Ej.3 | ||
| 859 | |a CEMS |b BIB. CEMS - 11 de abril |h 540.7 |i D751 |p 3762.75 |t Ej.4 | ||
| 859 | |a CEMS |b BIB. CEMS - 11 de abril |h 540.7 |i D751 |p 3763.75 |t Ej.5 | ||
